Brahmin and non-Brahmin (Record no. 1641)
[ view plain ]
| 000 -LEADER | |
|---|---|
| fixed length control field | 00889 a2200241 4500 |
| 010 ## - LIBRARY OF CONGRESS CONTROL NUMBER | |
| LC control number | ENG-85202 |
| 020 ## - INTERNATIONAL STANDARD BOOK NUMBER | |
| International Standard Book Number | 8178241625 |
| Terms of availability | 650.00 |
| 035 ## - SYSTEM CONTROL NUMBER | |
| System control number | EN-68735 |
| 037 ## - SOURCE OF ACQUISITION | |
| Source of stock number/acquisition | D.B.Act / ven |
| 082 14 - DEWEY DECIMAL CLASSIFICATION NUMBER | |
| Classification number | 324.25431083 |
| 090 ## - LOCALLY ASSIGNED LC-TYPE CALL NUMBER (OCLC); LOCAL CALL NUMBER (OCLC) | |
| -- | 1671 |
| -- | 1671 |
| 100 1# - MAIN ENTRY--PERSONAL NAME | |
| Personal name | Pandian, M. S. S. |
| 245 1# - TITLE STATEMENT | |
| Title | Brahmin and non-Brahmin |
| Remainder of title | genealogies of the Tamil political present |
| Statement of responsibility, etc | M.S.S. Pandian. |
| 246 18 - VARYING FORM OF TITLE | |
| Title proper/short title | Brahmin & non-Brahmin |
| 260 ## - PUBLICATION, DISTRIBUTION, ETC. (IMPRINT) | |
| Place of publication, distribution, etc | Delhi |
| Name of publisher, distributor, etc | Permanent Black, |
| Date of publication, distribution, etc | 2007. |
| 270 ## - ADDRESS | |
| Address | D-28, Oxford Apartments, I. P. Extension |
| City | Delhi |
| State or province | Delhi |
| Postal code | 110092 |
| 300 ## - PHYSICAL DESCRIPTION | |
| Extent | xi, 274 p. |
| Dimensions | 22 cm. (Hb) |
| 500 ## - GENERAL NOTE | |
| General note | Includes bibliographical references and index |
| 650 #0 - SUBJECT ADDED ENTRY--TOPICAL TERM | |
| Topical term or geographic name as entry element | Caste |
| Geographic subdivision | India |
| -- | Tamil Nadu. |
| 651 #0 - SUBJECT ADDED ENTRY--GEOGRAPHIC NAME | |
| Geographic name | Tamil Nadu (India) |
| General subdivision | Politics and government |
| Chronological subdivision | 20th century. |
| 942 ## - ADDED ENTRY ELEMENTS (KOHA) | |
| Institution code [OBSOLETE] | dpl |
| Koha item type | English Books |
| Call number prefix | 324.25431083 / PAN |
| Withdrawn status | Lost status | Source of classification or shelving scheme | Damaged status | Not for loan | Collection code | Home library | Current library | Source of acquisition | Cost, normal purchase price | Total Checkouts | Full call number | Barcode | Date last seen | Copy number | Uniform Resource Identifier | Cost, replacement price | Price effective from | Koha item type |
|---|---|---|---|---|---|---|---|---|---|---|---|---|---|---|---|---|---|---|
| Dewey Decimal Classification | Not For Loan | Non-fiction | D.B.Act.Division | D.B.Act.Division | DBAD/PUB | 650.00 | 324.25431083 PAN | EN-68735 | 15/09/2008 | 1 | 1727 | 650.00 | 15/09/2008 | English Books |
